000 00584nam a2200193Ia 4500
003 LDD
008 181029s9999 xx 000 0 und d
020 _a9780415391955
_cP 85.00
040 _cLDD
100 _aNardi, Isabella
245 0 _aTheory of citrasutras in Indian painting
_bA critical re-evaluation of their uses
_cIsabella Nardi
260 _aLondon
_bRoutledge
_c2006
300 _axviii, 190
365 _bP 85.00
901 _a7190
_b08-03-2011
902 _aSBS/D/251/2011
_b08-03-2011
_cF
_dSBS
_eFTF
903 _aDiscount-15
_bReqst by : Sunil Kumar
942 _2ddc
_cBK
999 _c96345
_d96345